000
00304nam a2200121Ia 4500
008
240624s9999 xx 000 0 und d
041
_a
eng
082
_a
658.8 PAL
100
_a
PALIWAL PRAMOD
245
_a
CASES IN BUSINESS MARKETING
260
_c
2013
_a
New Delhi
_b
Tata McGraw - Hill
365
_c
RS
_b
33
999
_c
25969
_d
25969